Central Library OPAC University of Rajshahi

Shadows in the sea : (Record no. 14058)

MARC details
000 -LEADER
fixed length control field 00793cam a22002531 4500
001 - CONTROL NUMBER
control field 14058
003 - CONTROL NUMBER IDENTIFIER
rucl marc code BD-RjUL
005 - DATE AND TIME OF LATEST TRANSACTION
control field 20211208235550.0
008 - FIXED-LENGTH DATA ELEMENTS--GENERAL INFORMATION
fixed length control field 140205s1963 paua 001 0 eng
035 ## - SYSTEM CONTROL NUMBER
System control number (BD-RjUL)14110
040 ## - CATALOGING SOURCE
Original cataloging agency DLC
Transcribing agency DLC
Modifying agency DLC
-- ICU
-- BD-RjUL
Language of cataloging eng
041 ## - LANGUAGE CODE
Language code of text/sound track or separate title eng
082 00 - DEWEY DECIMAL CLASSIFICATION NUMBER
Classification number 597.31
Author mark and year MCS 1963
100 1# - MAIN ENTRY--PERSONAL NAME
Personal name McCormick, Harold W.
Fuller form of name (Harold Weber),
Dates associated with a name 1903-
9 (RLIN) 43944
245 10 - TITLE STATEMENT
Title Shadows in the sea :
Remainder of title the sharks, skates and rays /
Statement of responsibility, etc. Harold W. McCormick and Tom Allen, with William E. Young.
250 ## - EDITION STATEMENT
Edition statement 1st ed.
260 ## - PUBLICATION, DISTRIBUTION, ETC. (IMPRINT)
Place of publication, distribution, etc. Philadelphia :
Name of publisher, distributor, etc. Chilton Books,
Date of publication, distribution, etc. c1963.
300 ## - PHYSICAL DESCRIPTION
Pagination xii, 415 p. :
Illustrations ill. ;
Size 23 cm.
504 ## - BIBLIOGRAPHY, ETC. NOTE
Bibliography, etc Includes bibliography and index.
650 #0 - SUBJECT ADDED ENTRY--TOPICAL TERM
Topical term or geographic name as entry element Chondrichthyes.
9 (RLIN) 43945
942 ## - ADDED ENTRY ELEMENTS (KOHA)
Source of classification or shelving scheme Dewey Decimal Classification
Koha item type Books
Holdings
Lost status Source of classification or shelving scheme Damaged status Not for loan Collection code Permanent Location Current Location Shelving location Date acquired Source of acquisition Total Checkouts Full call number Date last seen Copy number Koha item type
  Dewey Decimal Classification   Not For Loan Non-fiction Central Library, University of Rajshahi Central Library, University of Rajshahi   01/06/1966 Asia foundation   597.31 MCS 1963 05/02/2014 C-1 Books